000 00636nam a2200241Ia 4500
003 OSt
005 20220918210308.0
006 a|||||r|||| 00| 0
007 ta
008 220917b |||||||| |||| 00| 0 eng d
024 _a119,964
037 _cTextual
040 _aARTS
_cARTS
_beng
041 _2eng
_aeng
082 _aV687CM:1:L3, K0
100 _aBoxer C R
_994682
245 0 _aFort Jesus and the Portuguese in Mombasa 1593-1729
260 _c1960
650 _aHISTORY
700 _a De Azevedo C
_9117751
942 _hV687CM:1:L3, K0
_cTEXL
_2CC
999 _c243222
_d243222